Statistics for 50 Most Popular People on Instagram By Followers

Click here to take the quiz!

General Stats

  • This quiz has been taken 243 times
  • The average score is 12 of 49

Answer Stats

Hint Answer % Correct
Reality StarKim Kardashian
81%
SingerTaylor Swift
65%
Singer/ActorSelena Gomez
63%
SingerBeyonce
62%
SingerJustin Bieber
61%
Reality StarKylie Jenner
59%
Reality Star/ModelKendall Jenner
56%
SingerKaty Perry
54%
Soccer PlayerLionel Messi
53%
Singer/ActorAriana Grande
48%
Reality StarKhloe Kardashian
47%
SingerRihanna
43%
Reality StarKourtney Kardashian
42%
SingerLady Gaga
34%
Rapper/SingerDrake
34%
Singer/Band MemberHarry Styles
33%
Rapper/SingerNicki Minaj
31%
Soccer PlayerNeymar Jr.
30%
Basketball PlayerLeBron James
29%
Comedian/TV HostEllen DeGeneres
26%
Reality StarKris Jenner
24%
ActressJennifer Lopez
22%
SingerJustin Timberlake
22%
ActorDwayne Johnson
21%
SingerMiley Cyrus
21%
Singer/ActorDemi Lovato
20%
SingerShakira
19%
Actor/ComedianKevin Hart
19%
Singer/Band MemberNiall Horan
16%
Vine StarCameron Dallas
9%
Vine StarNash Grier
9%
Singer/DancerZendaya
8%
SingerChris Brown
8%
RapperWiz Khalifa
6%
Model/ActressCara Delevigne
5%
Poker PlayerDan Bilzerian
3%
Reality StarScott Disick
2%
Reality StarSnooki
2%
RapperIggy Azalea
2%
ActorVanessa Hudgens
1%
ActressAshley Benson
1%
ActressLucy Hale
1%
Soccer PlayerJames Rodriguez
1%
Soccer PlayerDavid Luiz
1%
ActressShay Mitchell
1%
SingerAustin Mahone
0%
Fitness ModelJen Selter
0%
Brazilian ActressBruna Marquezine
0%
ModelMiranda Kerr
0%

Score Distribution

Percentile by Number Answered

Percent of People with Each Score

Your Score History

You have not taken this quiz